MDQL
is popping MORE tags! Check the
thread
!
Quizzes
Events
Quiz Creation
Community
Videos
Private Events
Remove Ads
Sign In
Join for FREE
Feedback
Dark Mode
Quiz Categories
Sports
Geography
Music
Movies
Television
Just For Fun
Miscellaneous
History
Literature
Language
Science
Gaming
Entertainment
Religion
Holiday
For Kids
Quiz Lab
Recent
Popular Today
Quiz Kudos Today
Editor Picks
Curator Picks
Quizzes by...
Day
Popularity
Type
Ratings
Length
Year
Community
Subscriptions
Recent Discussions
Orange Saloon
Badges
Playlists
Quests
Create
Leaderboards
Showdown
Live 5
Trivia Bingo
Activity
Puzzle Library
Sporcle Events
Private Events
Virtual Trivia
Globe League
Become a Host
Pub Owners
SporcleCon
Opinionation
Our Games
Videos
Blog
Mobile Apps
Partnerships
Remove Ads and Go Orange
Feedback
Sports
Athletes
MLB
NBA
NHL
NFL
Soccer
Sports Teams
WWE
NCAA
Football
Premier League
Basketball
Baseball
Hockey
Golf
Tennis
Cricket
Rugby
Auto Racing
Olympics
World Cup
Sports
Athletes
MLB
NBA
NHL
NFL
Soccer
Sports Teams
WWE
NCAA
Football
Premier League
Basketball
Baseball
Hockey
Golf
Tennis
Cricket
Rugby
Auto Racing
Olympics
World Cup
Random Quiz
Search Sporcle
×
Quiz Lab
Quiz Lab
Sports
Baseball
Type in answers that appear in a list
Type in answers that appear in a list
Classic
Best Score? Go Orange.
1971 Topps Baseball Detroit Tigers Stats
Name the Individuals featured on a 1971 Topps Baseball card for the Detroit Tigers
By
pabramoff
8m
34 Questions
172 Plays
172 Plays
172 Plays
Comments
Comments
Give Quiz Kudos
Give Quiz Kudos
-
- Ratings
hide this ad
Replay
Link that replays current quiz
Next Quiz
Link to next quiz in quiz playlist
You Got
0%
They Got
Avg Score
65%
Avg Friend Score
Upgrade to see
Score Distribution
Jump to the score distribution portion of the page
Score
0/34
Timer
08:00
0
Plays Today
Pos.
Player/Manager
% Correct
P
Mickey Lolich
97.1%
C
Bill Freehan
95.9%
OF-
1B
Al Kaline
95.9%
2B
Dick McAuliffe
95.3%
OF
Willie Horton
93%
1B
Norm Cash
92.4%
OF
Jim Northrup
92.4%
OF
Mickey Stanley
91.9%
3B
Aurelio Rodriguez
90.7%
SS
Ed Brinkman
88.4%
MGR
Billy Martin
87.2%
TEAM
Detroit Tigers Team
86.6%
2B
Ike Brown
86%
OF
Gates Brown
86%
P
John Hiller
82.6%
P
Joe Coleman
80.8%
INF
Dalton Jones
66.3%
Pos.
Player/Manager
% Correct
C
Jimmie Price
65.7%
P
Les Cain
65.1%
P
Tom Timmermann
57.6%
P
Fred Scherman
54.1%
P
Mike Kilkenny
51.2%
SS
Cesar Gutierrez
46.5%
P
Lerrin LaGrow
45.9%
P
Joe Niekro
44.8%
P
Daryl Patterson
41.3%
P
Jim Hannan
39.5%
C
Gene Lamont
36.6%
P
Bob Reed
36.6%
INF
Kevin Collins
29.1%
1B-
OF
Russ Nagelson
27.3%
INF
Ken Szotkiewicz
25.6%
P
Dennis Saunders
24.4%
2B-
SS
Tim Marting
22.1%
Quiz Playlist
Details
Report
Send in Message
Add To Playlist
Classic:
Type in answers that appear in a list
Last Updated: Jul 3, 2017
Quiz Scoreboard
CHALLENGE
Sign Up to Join the Scoreboard
Show All
Scores
Hide
Comments
May contain spoilers
Recently Published
Colored Red Africa Blitz
by spor1
Geography
30s
Find the 'City' Movie
by crazypaving
Movies
60s
5x2 Blitz: Bands
by SL_Kpop136
Music
30s
More to Explore
Quiz From the Vault
Featured Blog Post
14 Easter Pick-up Lines to Find Eggs With
hide this ad
You Might Also Like...
Tags
Baseball Quiz
MLB Quiz
1971
Card Sets
Detroit Tigers
Roster
Topps
Trading Cards
Today's Top Quizzes in Sports
Browse Sports
hide this ad
Today's Top Quizzes in Baseball
Browse Baseball
Top Contributed Quizzes in Sports
1
Les entraîneurs de l'OM et du PSG au 21e siècle
2
Les meilleurs buteurs des matchs entre le PSG et l’OM
3
Players with Multiple 50 Home Run Seasons
4
2022 World Cup Stars
5
Les joueurs passés par le PSG et l'OM
6
NBA Logic Puzzle 2.0
7
Criteria MLB: Left Handed Sluggers
8
MLB Players with Two .350 Batting Average Seasons
9
Top 10 NHL Goal Scorers of All Time
10
Who Hit More Homers?
Explore More
Trending Topics
Marvel
Crossword
NBA
Harry Potter
Disney
Kpop
Anime
Soccer
Country
WWE
The Office
NFL
Puzzle
Song
Pokémon
hide this ad
More By:
pabramoff
Quiz
Plays
Rating
Category
Featured
Created
NBA Stars by Top of Head
50,134
4.61
Sports
Nov 28, 2019
US Presidents by Actors
34,548
4.61
History
Jul 18, 2019
Rock Quartets by First Names
24,548
4.73
Music
Oct 1, 2019
20 SNL Characters
20,366
4.68
Television
Jul 15, 2020
Big League Birds
11,427
4.70
Sports
Jun 8, 2017
Go to Creator's Profile
Score Distribution
Quiz Creator Spotlight
pabramoff
Follow
Send a Message
Quizzes Created
-
Created Quiz Play Count
-
More By This Creator
Popular Quizzes Today
1
Colored Red Africa Blitz
2
Find the 'City' Movie
3
5x2 Blitz: Bands
4
Find the US States - No Outlines Minefield
5
The Countries of the World
6
Find the US States
7
US States
8
Find the Countries of Europe - No Outlines Minefield
More Sports Quizzes
La Liga XI: Real Madrid 2007/08
Quiz Lab
Trending Quizzes
Colored Red Europe Blitz I
Colored Red Africa Blitz II
Colored Red Europe Blitz II
Colored Red Africa Blitz III
Colored Red Europe Blitz III
Recently Updated
How Do You Spell That?
pecheneg
Godzilla Movies
pecheneg
Grab Bag: 4-10 Letters
pecheneg
2024 March Madness Bracket
pecheneg
Famous TV Couples
Peacemaker
Champions League XIs: Real Madrid
pecheneg
Largest US Cities 1790-2010
pecheneg
Rides in Walt Disney World
pecheneg
Most Oscar Losses (Acting)
pecheneg
Beyoncé Albums
pecheneg
Trending Topics
Marvel
Kpop
NBA
Anime
Disney
Harry Potter
Crossword
Pokémon
WWE
Soccer
NFL
Song
Country
Puzzle
The Office
Your Account Isn't Verified!
In order to create a playlist on Sporcle, you need to verify the email address you used during registration. Go to your
Sporcle Settings
to finish the process.
Report this User
Report this user for behavior that violates our
Community Guidelines
.
Details:
Send Report
Go to the Sporcle.com Mobile Site →
Comments